000 02579nam0a2200373 4500
001 RU\NLR\BIBL_A\022208363
005 20240626174445.0
010 _a978-5-6049206-6-4
_9500
021 _aRU
_bКН-П-24-014249
_9КН-П-24-1488
035 _a(NLR Aleph) 022208363
090 _a13065773
_c13065773
100 _a20240426d2023 u y0rusy50 ca
101 0 _arus
102 _aRU
105 _aa|||z|||000yy
181 0 _ai
_baxxe
182 0 _an
200 1 _aРегиональный историко-культурный стандарт Тульской области
_fСекенова Ольга Игоревна, Лобачева Ирина Николаевна, Сенина Наталия Викторовна, кандидаты ист. наук, доценты [и др.]
_gруководитель проекта: Симонова Елена Викторовна, д-р ист. наук, профессор
_gМинистерство образования тульской области, ГОУ ДПО ТО "Институт повышения квалифицкации и профессиональной переподготовки работников образования тульской области", ФГБОУ ВО "Тульский государственный педагогический университет им Л. Н. Толстого", Отделение российского исторического общества в тульской области
203 _aТекст
_bвизуальный
_cнепосредственный
210 _aТула
_cБелоконь Д. Н.
_d2023
215 _a67 с.
_cцв. ил.
_d30
300 _aАвт. указаны на обороте тит. с.
607 _aТульская область
_xИстория
_xИзучение в школе
_2nlr_sh2
_3RU\NLR\AUTH\6601741376
686 1 _aЧ426.31-1
701 1 _aСекенова
_bО. И.
_gОльга Игоревна
701 1 _aЛобачева
_bИ. Н.
_gИрина Николаевна
701 1 _aСенина
_bН. В.
_gНаталия Викторовна
702 1 _aСимонова
_bЕ. В.
_gЕлена Викторовна
_4340
712 0 2 _aИнститут повышения квалификации и профессиональной переподготовки работников образования Тульской области
_3RU\NLR\AUTH\880472017
_4570
942 _cBOOK
980 _aNB